|
|
|
|
| LEADER |
00000nab a2200000 a 4500 |
| 001 |
vtls000196744 |
| 003 |
SK-MaSNL |
| 005 |
20260302205145.0 |
| 008 |
160215c1984 xo 0 slo |
| 015 |
|
|
|a SNBRB19rr/mm-uuuuu
|
| 035 |
|
|
|a CL0206857
|
| 040 |
|
|
|a SNKBUCL
|b slo
|c SNKBUCL
|e AACR2
|
| 041 |
0 |
|
|a slo
|
| 044 |
|
|
|a xo
|c SK
|
| 080 |
|
|
|a 75.071.1
|2 1981
|
| 080 |
|
|
|a 76.071.1
|2 1981
|
| 080 |
|
|
|a 378.124
|2 1981
|
| 080 |
|
|
|a 929 Hložník, Vincent
|2 1981
|
| 100 |
1 |
|
|a Fuchs, Juraj
|4 aut
|9 5052
|
| 245 |
1 |
0 |
|a Dráma sveta - svedomie ľudstva
|b Národný umelec Vincent Hložník šesťdesiatpäťročný
|c Juraj Fuchs
|
| 600 |
1 |
7 |
|a Hložník, Vincent,
|d 1919-1997
|2 snkbucl
|9 107708
|
| 655 |
|
7 |
|a články z novín a časopisov
|2 snkbucl
|9 267496
|
| 773 |
0 |
|
|t Práca
|g Roč. 39, č. 249 (20. 10. 1984), s. 6
|
| 850 |
|
|
|a Slovenská národná knižnica v Martine
|a MTA001
|
| 852 |
|
|
|a SNK
|b KIS3GCP
|
| 958 |
|
|
|a BX
|
| 958 |
|
|
|a RK
|
| 992 |
|
|
|a RBX
|
| 999 |
|
|
|c 1476571
|d 1478501
|